00269nam a2200097Ia 4500008004100000020001500041100001700056245004500073260003700118300001600155180205s9999 xx 000 0 und d a9713702239 aMiller, Mike aOOPS! :bwhat to do when things go wrong aCainta, RizalbJemma, Inc.c1992 ax,366 pages